| 000 | 00365 a2200157 4500 | ||
|---|---|---|---|
| 001 | 156870 | ||
| 020 | _a9788566653496 | ||
| 040 | _cEscola São Tomás de Aquino | ||
| 100 | _aCOELHO, Ronaldo Simões | ||
| 240 | 1 | 0 |
_aAmanhecer na roça _lpor |
| 245 | 1 | 0 | _aAmanhecer na roça |
| 300 | _a56 p. | ||
| 362 | 0 | _a2016 | |
| 697 | _a*LITERATURA INFANTIL | ||
| 942 | _cBK | ||
| 999 |
_c156870 _d156870 |
||